Politics and Ambiguity /

Збережено в:
Бібліографічні деталі
Автор: Connolly, William E. (autor)
Формат: Книга
Мова:Англійська
Опубліковано: Madison, EUA : University of Wisconsin, 1987, c1987
Серія:(Rhetoric of the Human Sciences)
Предмети:
Теги: Додати тег
Немає тегів, Будьте першим, хто поставить тег для цього запису!

MARC

LEADER 00000nam^a2200000^a^4500
001 000140854
005 20250521000000.0
009 20260310095554.375
020 |a 0-299-10990-9 
037 |a Acervo ITESO - Biblioteca 
041 |a ING 
082 |a 320. 01  |b CON 
100 |a Connolly, William E.  |e (autor) 
245 1 0 |a Politics and Ambiguity /  |c W.E. Connolly. 
264 4 |a Madison, EUA :  |b University of Wisconsin,  |c 1987, c1987 
300 |a XIII, 168 p. 
336 |a texto  |b txt  |2 rdacontenido 
337 |a sin mediación  |b n  |2 rdamedio 
338 |a volumen  |b nc  |2 rdasoporte 
440 1 |a (Rhetoric of the Human Sciences) 
649 |a XX 
650 |a Legitimidad e Ilegitimidad 
650 |a Autoridad 
650 |a Estado de Bienestar 
650 |a Democracia 
650 |a Desarrollo Económico-Social 
650 |a Desarrollo Económico-Social 
650 |a Teoría Crítica 
650 |a Filosofía Política 
650 |a Economía Política 
650 |a Política -  |x Teoría 
910 |a Fondo General 
920 |a Impresos - Libros 
930 |a Colección General 
905 |a 101 
901 |a 0500069829  |b IT1  |c ACC  |u 20250521 
902 |a https://opac.biblio.iteso.mx/vufind/Record/000140854